[Event "NRW ch 2015"]
[Site "Emsdetten"]
[Date "2015.10.12"]
[Round "1.1"]
[White "Richter, Christian"]
[Black "Lehmann, Holger"]
[Result "1/2-1/2"]
[WhiteElo "2366"]
[BlackElo "2163"]
[PlyCount "97"]
[EventDate "2015.10.12"]
[WhiteTeam "SK Turm Emsdetten"]
[BlackTeam "SC Rochade Emsdetten"]

1. d4 f5 2. g3 Nf6 3. Bg2 g6 4. Nh3 Bg7 5. Nf4 Nc6 6. d5 Ne5 7. Nc3 c6 8. e4 d6
9. exf5 Bxf5 10. h3 O-O 11. O-O c5 12. g4 Bd7 13. Ne6 Bxe6 14. dxe6 Rb8 15. a4
Kh8 16. Re1 Ne8 17. Nd5 Nc7 18. Nxc7 Qxc7 19. Bd5 b5 20. axb5 Rxb5 21. f4 Nc6
22. c3 Na5 23. Ra2 Rfb8 24. Re2 Nb3 25. Be3 a5 26. Ra4 Qd8 27. Ra3 Qb6 28. Bc4
Qb7 29. Bd5 Qb6 30. Kf2 Nd4 31. Rd2 Rxb2 32. Kg3 Rxd2 33. Bxd2 Nb5 34. Rb3 a4
35. Rb1 Qd8 36. c4 Nd4 37. Rxb8 Qxb8 38. Qxa4 Qb3+ 39. Qxb3 Nxb3 40. Be1 Bf6
41. g5 Bb2 42. Kf3 Kg7 43. Ke3 Bc1+ 44. Ke4 Nd4 45. Bg3 Nf5 46. Bf2 Nd4 47. Bg3
Nf5 48. Bh2 Ne3 49. Bg3 1/2-1/2

[Event "NRW ch 2015"]
[Site "Emsdetten"]
[Date "2015.10.12"]
[Round "1.2"]
[White "Heinert, Eugen"]
[Black "Schmücker, Marcus"]
[Result "1/2-1/2"]
[WhiteElo "2156"]
[BlackElo "2271"]
[PlyCount "164"]
[EventDate "2015.10.12"]
[WhiteTeam "OSC Rheinhausen"]
[BlackTeam "SV Hemer"]

1. d4 Nf6 2. Bg5 e6 3. e4 h6 4. Bxf6 Qxf6 5. c3 d5 6. Nd2 c5 7. Ngf3 Nc6 8. Bb5
Bd7 9. O-O cxd4 10. exd5 exd5 11. Re1+ Be7 12. Qe2 dxc3 13. bxc3 Be6 14. c4
dxc4 15. Ne4 Qf4 16. Nd4 O-O 17. Nxe6 fxe6 18. Bxc6 bxc6 19. Qxc4 Qf5 20. Qxc6
Rac8 21. Qd7 Bc5 22. Re2 Rcd8 23. Qc6 Bb6 24. Kh1 Qd5 25. Qa4 Qe5 26. Rae1 Rd4
27. Qc2 Ba5 28. Rd1 Rxd1+ 29. Qxd1 Rd8 30. Qb1 Qb5 31. Qc2 Qb2 32. g3 Qa1+ 33.
Kg2 Qd4 34. h4 Qd5 35. Kh2 Rf8 36. Kg2 Bb6 37. Rd2 Bd4 38. Re2 e5 39. Qb3 Qxb3
40. axb3 Rb8 41. Nd2 Kf7 42. Nf3 Kf6 43. Nxd4 exd4 44. Kf3 Kf5 45. g4+ Kf6 46.
Rd2 Ke5 47. Rd3 Kd5 48. h5 Rf8+ 49. Ke2 Rf6 50. Rd2 Ke4 51. Rd1 d3+ 52. Ke1 Rd6
53. Kd2 Rd7 54. Rc1 Kf3 55. Rc4 Kxf2 56. Ra4 Kf3 57. Rc4 Rb7 58. b4 Rd7 59. b5
Rb7 60. Rb4 a5 61. Rb1 Kxg4 62. Kxd3 Kxh5 63. Rh1+ Kg4 64. Rg1+ Kf4 65. Kc4 h5
66. Rf1+ Kg3 67. Rg1+ Kf2 68. Rh1 g6 69. Kc5 Kg2 70. Ra1 h4 71. Ra2+ Kg3 72.
Ra3+ Kg4 73. Ra4+ Kh5 74. Kc6 Rb8 75. b6 h3 76. Rxa5+ g5 77. Kc7 Rxb6 78. Kxb6
h2 79. Ra8 Kg4 80. Rh8 Kg3 81. Kc5 Kg2 82. Kd4 h1=Q 1/2-1/2

[Event "NRW ch 2015"]
[Site "Emsdetten"]
[Date "2015.10.12"]
[Round "1.3"]
[White "Kummerow, Heiko"]
[Black "Tückmantel, Rene"]
[Result "1/2-1/2"]
[WhiteElo "2267"]
[BlackElo "2149"]
[PlyCount "50"]
[EventDate "2015.10.12"]
[WhiteTeam "Oberhausener SV"]
[BlackTeam "Bahn-SC Wuppertal"]

1. e4 e5 2. Nf3 Nc6 3. Bc4 Nf6 4. Nc3 Bc5 5. d3 d6 6. Na4 Bb6 7. Nxb6 axb6 8.
c3 Be6 9. Bxe6 fxe6 10. O-O O-O 11. Ng5 Qd7 12. f4 exf4 13. Bxf4 e5 14. Be3
Rae8 15. Qe2 d5 16. Rad1 h6 17. Nf3 Qg4 18. h3 Qe6 19. exd5 Nxd5 20. Bc1 Nf4
21. Bxf4 Rxf4 22. a3 e4 23. dxe4 Rxe4 24. Qb5 Qg6 25. Rfe1 Rxe1+ 1/2-1/2

[Event "NRW ch 2015"]
[Site "Emsdetten"]
[Date "2015.10.12"]
[Round "1.4"]
[White "Haselhorst, Helmut"]
[Black "Chilla, Jan Eric"]
[Result "0-1"]
[WhiteElo "2141"]
[BlackElo "2239"]
[PlyCount "82"]
[EventDate "2015.10.12"]
[WhiteTeam "SC Steinfurt"]
[BlackTeam "SK Münster"]

1. Nf3 Nf6 2. c4 e6 3. g3 d5 4. d4 dxc4 5. Qa4+ Nbd7 6. Bg2 a6 7. Qxc4 b5 8.
Qc2 Bb7 9. O-O c5 10. Bg5 Rc8 11. Qd1 Qb6 12. dxc5 Bxc5 13. Nc3 O-O 14. Rc1
Rfd8 15. Qe1 h6 16. Bd2 Bc6 17. Nd1 b4 18. Be3 Bd5 19. b3 Qa5 20. Qd2 Ne4 21.
Qb2 Be7 22. Rxc8 Rxc8 23. Bd4 Ndf6 24. Ne3 Nc3 25. Ne5 Bxg2 26. Kxg2 Qd8 27.
Nf3 Nfe4 28. Nc4 Bf6 29. Bxf6 Qxf6 30. Nfe5 Qe7 31. Nd3 Nd6 32. Ne3 Qb7+ 33.
Kg1 a5 34. Rc1 Qe4 35. Re1 Ndb5 36. Nc4 Nd4 37. Nd6 Ndxe2+ 38. Rxe2 Nxe2+ 39.
Kf1 Qxd3 40. Nxc8 Nf4+ 41. Ke1 Ng2# 0-1

[Event "NRW ch 2015"]
[Site "Emsdetten"]
[Date "2015.10.12"]
[Round "1.6"]
[White "Gulatz, Maurice"]
[Black "Lamby, Philipp"]
[Result "1-0"]
[WhiteElo "2115"]
[BlackElo "2195"]
[PlyCount "73"]
[EventDate "2015.10.12"]
[WhiteTeam "SG Kirchlengern"]
[BlackTeam "Aachener SV"]

1. d4 Nf6 2. c4 e6 3. Nc3 Bb4 4. Qc2 Nc6 5. Nf3 d5 6. a3 Bxc3+ 7. Qxc3 Ne4 8.
Qc2 e5 9. e3 Bf5 10. Qa4 O-O 11. cxd5 Qxd5 12. Bc4 Qd6 13. Bb5 exd4 14. exd4
Ne7 15. O-O c6 16. Bd3 Ng3 17. hxg3 Bxd3 18. Bf4 Qd5 19. Rfe1 Ng6 20. Bd2 Be4
21. Re3 c5 22. Bc3 Bxf3 23. gxf3 c4 24. Rae1 a6 25. Qc2 f5 26. f4 Rac8 27. Qe2
Rc6 28. Bb4 Rd8 29. Re8+ Kf7 30. Rxd8 Qxd8 31. d5 Rf6 32. Qxc4 Nf8 33. Re7+ Kg6
34. Rxb7 Kh6 35. Qc7 Qxd5 36. Qxg7+ Kh5 37. Qg5# 1-0

[Event "NRW ch 2015"]
[Site "Emsdetten"]
[Date "2015.10.12"]
[Round "1.7"]
[White "Michalczak, Thomas"]
[Black "Plaßmann, Dominik"]
[Result "1/2-1/2"]
[WhiteElo "2190"]
[BlackElo "2110"]
[PlyCount "83"]
[EventDate "2015.10.12"]
[WhiteTeam "SG Solingen"]
[BlackTeam "Gütersloher SV"]

1. e4 c5 2. Nf3 Nc6 3. d4 cxd4 4. Nxd4 Nf6 5. Nc3 e5 6. Ndb5 d6 7. Nd5 Nxd5 8.
exd5 Nb8 9. c4 a6 10. Nc3 Be7 11. Bd3 O-O 12. O-O f5 13. f3 Nd7 14. a3 Bg5 15.
Bxg5 Qxg5 16. Qc1 Qh4 17. Qd2 Nc5 18. f4 Nb3 19. Qe1 Qxe1 20. Raxe1 e4 21. Bb1
Nd2 22. Rf2 Nxc4 23. Ba2 Nb6 24. a4 Bd7 25. Bb3 Rac8 26. g4 g6 27. Re3 Nc4 28.
Bxc4 Rxc4 29. gxf5 gxf5 30. Rg2+ Kf7 31. Rh3 Rh8 32. Rh6 Bxa4 33. Rxd6 Be8 34.
Rg5 Rg8 35. Rxg8 Kxg8 36. Rb6 Bb5 37. Rxb7 Rd4 38. Kf2 Rd2+ 39. Ke1 Rd4 40.
Nxb5 axb5 41. Rxb5 Kf7 42. Ke2 1/2-1/2

[Event "NRW ch 2015"]
[Site "Emsdetten"]
[Date "2015.10.12"]
[Round "1.8"]
[White "Gelsok, Philipp"]
[Black "Rott, Georg"]
[Result "0-1"]
[WhiteElo "1892"]
[BlackElo "2168"]
[PlyCount "64"]
[EventDate "2015.10.12"]
[WhiteTeam "Bergische SF"]
[BlackTeam "SK Münster"]

1. Nf3 d5 2. c4 c6 3. d4 Nf6 4. Nc3 dxc4 5. a4 Bf5 6. Ne5 Nbd7 7. Nxc4 Qc7 8.
g3 e5 9. dxe5 Nxe5 10. Bf4 Nfd7 11. Bg2 f6 12. O-O Rd8 13. Qc1 Be6 14. Nxe5
Nxe5 15. Qe3 a6 16. Rfd1 Be7 17. Bxe5 Qxe5 18. Qb6 Rb8 19. Ne4 Bf5 20. f4 Qe6
21. Nc3 O-O 22. Rd4 Qe3+ 23. Kh1 Bc2 24. a5 Rfe8 25. Re1 Bd8 26. Rxd8 Rbxd8 27.
Qxb7 c5 28. Qxa6 Rb8 29. Qc4+ Kh8 30. a6 Bb3 31. Nd1 Bxc4 32. Nxe3 Bxa6 0-1

[Event "NRW ch 2015"]
[Site "Emsdetten"]
[Date "2015.10.13"]
[Round "2.1"]
[White "Chilla, Jan Eric"]
[Black "Gulatz, Maurice"]
[Result "1-0"]
[WhiteElo "2239"]
[BlackElo "2115"]
[PlyCount "87"]
[EventDate "2015.10.13"]
[WhiteTeam "SK Münster"]
[BlackTeam "SG Kirchlengern"]

1. Nf3 c5 2. e4 d6 3. d4 cxd4 4. Qxd4 a6 5. c4 e6 6. Nc3 Nf6 7. h3 Be7 8. Be2
O-O 9. O-O Qc7 10. b3 Nc6 11. Qe3 Bd7 12. Bb2 Rfd8 13. Rac1 Ne5 14. Nd4 Rac8
15. Rfd1 Qa5 16. Kh1 Ng6 17. a3 Qb6 18. b4 Bf8 19. Nc2 Qc7 20. f4 Qb8 21. g3 h5
22. h4 Bc6 23. Bf3 Ne7 24. Qe2 g6 25. Ne3 Bg7 26. b5 Be8 27. a4 Nd7 28. Rg1 Nc5
29. g4 hxg4 30. Rxg4 Nb3 31. Rcg1 Nd4 32. Qg2 Rc5 33. f5 exf5 34. exf5 Nexf5
35. Ned5 Rxc4 36. Be4 Nh6 37. Ne7+ Kf8 38. Nxg6+ fxg6 39. Rf1+ Ndf5 40. Bxf5
Rxg4 41. Bxg4+ Kg8 42. Be6+ Kh7 43. Nd5 Be5 44. h5 1-0

[Event "NRW ch 2015"]
[Site "Emsdetten"]
[Date "2015.10.13"]
[Round "2.2"]
[White "Rott, Georg"]
[Black "Messarius, Jürgen"]
[Result "0-1"]
[WhiteElo "2168"]
[BlackElo "2204"]
[PlyCount "66"]
[EventDate "2015.10.13"]
[WhiteTeam "SK Münster"]
[BlackTeam "SK Königsspringer Iserlohn"]

1. e4 Nf6 2. e5 Nd5 3. d4 d6 4. Bc4 Nb6 5. Bb3 Bf5 6. Qf3 Qc8 7. Bxf7+ Kxf7 8.
g4 Nc6 9. Ne2 dxe5 10. d5 Nb4 11. Na3 e4 12. Qxf5+ Qxf5 13. gxf5 N6xd5 14. Ng3
Nf6 15. O-O Rd8 16. Bf4 Nbd5 17. Bd2 e6 18. fxe6+ Kxe6 19. Rfe1 Bxa3 20. bxa3
Kf7 21. Nxe4 Nxe4 22. Rxe4 Nf6 23. Re2 Rhe8 24. Kf1 Rxe2 25. Kxe2 Rd4 26. Rb1
b6 27. Rb4 Rd5 28. Rc4 c5 29. a4 a6 30. Be3 Nd7 31. Re4 h6 32. Bf4 Nf6 33. Rc4
Ke6 0-1

[Event "NRW ch 2015"]
[Site "Emsdetten"]
[Date "2015.10.13"]
[Round "2.3"]
[White "Tückmantel, Rene"]
[Black "Richter, Christian"]
[Result "0-1"]
[WhiteElo "2149"]
[BlackElo "2366"]
[PlyCount "132"]
[EventDate "2015.10.13"]
[WhiteTeam "Bahn-SC Wuppertal"]
[BlackTeam "SK Turm Emsdetten"]

1. Nf3 Nf6 2. c4 g6 3. d4 Bg7 4. e3 c5 5. Nc3 cxd4 6. exd4 d5 7. cxd5 O-O 8.
Be2 Nxd5 9. O-O Nc6 10. h3 Be6 11. Re1 Rc8 12. Bg5 Re8 13. Qd2 Nxc3 14. bxc3
Na5 15. Bb5 Bd7 16. Rab1 Bxb5 17. Rxb5 b6 18. Bh6 Bf6 19. Ne5 Bxe5 20. Rbxe5
Nc4 21. Qe2 Rc7 22. Re4 Nd6 23. Re5 Nc4 24. Re4 e6 25. Bf4 Rc8 26. Qf3 Kg7 27.
Qg3 h6 28. h4 b5 29. Be5+ Kh7 30. Rf4 f5 31. Qf3 Qd7 32. Qd3 Nb6 33. Rf3 Nd5
34. Qd2 Rc6 35. Bf4 Qg7 36. Be5 Qe7 37. Bf4 Qf8 38. Qb2 Rb6 39. Bd2 Qd6 40. Qc1
Qf8 41. c4 bxc4 42. Qxc4 Rc8 43. Qa4 Qf7 44. Ra3 Rb2 45. Qa6 Re8 46. Qxa7 Re7
47. Qa5 Qf6 48. Bc3 Rc2 49. h5 gxh5 50. Rd1 Rg7 51. Be1 h4 52. Rf3 Qg5 53. g3
Qg4 54. Qa3 hxg3 55. fxg3 Nf4 56. Rd2 Ne2+ 57. Kg2 Rxd2 58. Bxd2 Nxd4 59. Rf4
Qe2+ 60. Rf2 Qe4+ 61. Kh2 Qd5 62. Qe3 Rg5 63. Rf1 Rh5+ 64. Kg1 Qh1+ 65. Kf2
Rh2+ 66. Ke1 Nc2+ 0-1

[Event "NRW ch 2015"]
[Site "Emsdetten"]
[Date "2015.10.13"]
[Round "2.4"]
[White "Schmücker, Marcus"]
[Black "Michalczak, Thomas"]
[Result "1/2-1/2"]
[WhiteElo "2271"]
[BlackElo "2190"]
[PlyCount "72"]
[EventDate "2015.10.13"]
[WhiteTeam "SV Hemer"]
[BlackTeam "SG Solingen"]

1. d4 d5 2. c4 e6 3. Nc3 a6 4. Nf3 dxc4 5. e4 b5 6. a4 b4 7. Nb1 Bb7 8. Qc2 Nf6
9. Nbd2 c3 10. bxc3 bxc3 11. Qxc3 Nxe4 12. Nxe4 Bxe4 13. Be2 Be7 14. O-O Nc6
15. Rd1 O-O 16. Ne5 Nb4 17. Bd2 f6 18. Qb3 Bd5 19. Nc4 Rb8 20. Qg3 Kh8 21. Rac1
Qd7 22. a5 Bb7 23. Be1 Nd5 24. Ne3 Bd6 25. Qh4 g5 26. Qg4 Nf4 27. d5 f5 28.
Bc3+ e5 29. Qf3 Kg8 30. Nc4 g4 31. Qe3 Nxd5 32. Qg5+ Qg7 33. Qxg7+ Kxg7 34.
Bxe5+ Bxe5 35. Nxe5 Rbe8 36. Bxa6 Ba8 1/2-1/2

[Event "NRW ch 2015"]
[Site "Emsdetten"]
[Date "2015.10.13"]
[Round "2.5"]
[White "Plaßmann, Dominik"]
[Black "Kummerow, Heiko"]
[Result "0-1"]
[WhiteElo "2110"]
[BlackElo "2267"]
[PlyCount "40"]
[EventDate "2015.10.13"]
[WhiteTeam "Gütersloher SV"]
[BlackTeam "Oberhausener SV"]

1. e4 e6 2. b3 d5 3. Bb2 dxe4 4. Nc3 Nf6 5. Qe2 Be7 6. O-O-O O-O 7. g4 Nc6 8.
Nxe4 e5 9. h3 Be6 10. Bg2 Nd5 11. Qf1 a5 12. Ne2 a4 13. N4c3 axb3 14. axb3 Ndb4
15. Bxc6 Nxc6 16. f4 Ba3 17. Bxa3 Rxa3 18. Kb2 Qe7 19. f5 Rfa8 20. fxe6 Rxb3+
0-1

[Event "NRW ch 2015"]
[Site "Emsdetten"]
[Date "2015.10.13"]
[Round "2.6"]
[White "Lehmann, Holger"]
[Black "Heinert, Eugen"]
[Result "1-0"]
[WhiteElo "2163"]
[BlackElo "2156"]
[PlyCount "73"]
[EventDate "2015.10.13"]
[WhiteTeam "SC Rochade Emsdetten"]
[BlackTeam "OSC Rheinhausen"]

1. c4 c6 2. e4 d5 3. exd5 cxd5 4. d4 Nf6 5. Nc3 Nc6 6. Bg5 dxc4 7. Bxc4 a6 8.
Nf3 b5 9. Be2 e6 10. Rc1 Bb7 11. O-O Bb4 12. Ne4 Nxd4 13. Nxf6+ gxf6 14. Nxd4
fxg5 15. Bf3 Bxf3 16. Qxf3 Qd5 17. Qf6 O-O 18. Nc6 a5 19. Rfd1 Qf5 20. Qxf5
exf5 21. a3 Bxa3 22. bxa3 Rfe8 23. Rd5 Ra6 24. h4 b4 25. axb4 a4 26. b5 Rb6 27.
Rxf5 gxh4 28. Ra1 Ra8 29. Ra3 Kg7 30. Rc5 Kf6 31. Kh2 Ke6 32. Nd4+ Kd6 33. Rc4
Kd5 34. Rcxa4 Rxa4 35. Rxa4 Rf6 36. Nf3 h3 37. Kxh3 1-0



[

[Event "NRW ch 2015"]
[Site "Emsdetten"]
[Date "2015.10.13"]
[Round "2.7"]
[White "Lamby, Philipp"]
[Black "Gelsok, Philipp"]
[Result "1-0"]
[WhiteElo "2195"]
[BlackElo "1892"]
[PlyCount "49"]
[EventDate "2015.10.13"]
[WhiteTeam "Aachener SV"]
[BlackTeam "Bergische SF"]

1. e4 c5 2. d4 cxd4 3. c3 dxc3 4. Nxc3 Nc6 5. Nf3 a6 6. Bc4 d6 7. O-O Nf6 8.
Bf4 e6 9. Qe2 Be7 10. Rfd1 Qc7 11. Rac1 O-O 12. Bb3 Qb8 13. e5 dxe5 14. Nxe5
Nxe5 15. Bxe5 Qa7 16. Na4 Nd7 17. Rxc8 Raxc8 18. Rxd7 Rfd8 19. Rxd8+ Rxd8 20.
Qg4 Bf8 21. h4 b5 22. Nc3 Qe7 23. Ne4 Kh8 24. Ng5 f6 25. Qh5 1-0

[Event "NRW ch 2015"]
[Site "Emsdetten"]
[Date "2015.10.13"]
[Round "2.8"]
[White "Albrecht, Oliver"]
[Black "Haselhorst, Helmut"]
[Result "1/2-1/2"]
[WhiteElo "2139"]
[BlackElo "2141"]
[PlyCount "48"]
[EventDate "2015.10.13"]
[WhiteTeam "SC Bonn Beuel"]
[BlackTeam "SC Steinfurt"]

1. d4 Nf6 2. c4 g6 3. g3 Bg7 4. Bg2 O-O 5. Nc3 d6 6. Nf3 Nc6 7. O-O a6 8. Qd3
Bf5 9. e4 Bg4 10. h3 Bxf3 11. Bxf3 Nd7 12. Be3 Rb8 13. Bg2 e5 14. d5 Nd4 15.
Ne2 c5 16. dxc6 Nc5 17. Qd2 Nxe2+ 18. Qxe2 bxc6 19. Rfd1 Qe7 20. Bxc5 dxc5 21.
b3 Rfd8 22. Rxd8+ Rxd8 23. Rd1 Rd4 24. Rxd4 cxd4 1/2-1/2

[Event "NRW ch 2015"]
[Site "Emsdetten"]
[Date "2015.10.14"]
[Round "3.1"]
[White "Messarius, Jürgen"]
[Black "Chilla, Jan Eric"]
[Result "1-0"]
[WhiteElo "2204"]
[BlackElo "2239"]
[PlyCount "77"]
[EventDate "2015.10.14"]
[WhiteTeam "SK Königsspringer Iserlohn"]
[BlackTeam "SK Münster"]

1. e4 c5 2. Nf3 d6 3. d4 cxd4 4. Nxd4 Nf6 5. Nc3 a6 6. Be3 e5 7. Nb3 Be6 8. Qd2
Nbd7 9. f3 h5 10. Nd5 Bxd5 11. exd5 Rc8 12. c4 g6 13. Be2 Bg7 14. O-O O-O 15.
Rac1 Qe7 16. Na5 e4 17. f4 Ng4 18. Bxg4 hxg4 19. b4 b6 20. Nc6 Qe8 21. f5 gxf5
22. Rxf5 Nb8 23. Nd4 Nd7 24. Rg5 f6 25. Rxg4 Ne5 26. Rg3 f5 27. Bh6 Ng4 28.
Bxg7 Kxg7 29. Qg5+ Qg6 30. Ne6+ Kf7 31. Qxg6+ Kxg6 32. Nxf8+ Rxf8 33. h3 Kg5
34. hxg4 f4 35. Rh3 Kxg4 36. Re1 Re8 37. Rh6 f3 38. gxf3+ Kxf3 39. Rf6+ 1-0

[Event "NRW ch 2015"]
[Site "Emsdetten"]
[Date "2015.10.14"]
[Round "3.3"]
[White "Richter, Christian"]
[Black "Schmücker, Marcus"]
[Result "0-1"]
[WhiteElo "2366"]
[BlackElo "2271"]
[PlyCount "28"]
[EventDate "2015.10.14"]
[WhiteTeam "SK Turm Emsdetten"]
[BlackTeam "SV Hemer"]

1. d4 Nf6 2. Nf3 e6 3. c4 b6 4. g3 Ba6 5. Qb3 Nc6 6. Nbd2 Bb7 7. Qd3 d5 8. cxd5
Qxd5 9. Bg2 O-O-O 10. e3 Nb4 11. Qb1 Qb5 12. a4 Qd3 13. Bf1 Nc2+ 14. Kd1 Bxf3+
0-1

[Event "NRW ch 2015"]
[Site "Emsdetten"]
[Date "2015.10.14"]
[Round "3.4"]
[White "Michalczak, Thomas"]
[Black "Lamby, Philipp"]
[Result "1-0"]
[WhiteElo "2190"]
[BlackElo "2195"]
[PlyCount "73"]
[EventDate "2015.10.14"]
[WhiteTeam "SG Solingen"]
[BlackTeam "Aachener SV"]

1. e4 c5 2. Nf3 e6 3. d4 cxd4 4. Nxd4 Nc6 5. Nc3 Qc7 6. Be3 a6 7. Qd2 Nf6 8.
O-O-O Be7 9. f3 b5 10. g4 Nxd4 11. Bxd4 Bb7 12. g5 Nh5 13. Be5 Qxe5 14. Qxd7+
Kf8 15. Qxb7 Rb8 16. Qa7 b4 17. Na4 Bxg5+ 18. Kb1 g6 19. Rd7 Qf4 20. Bc4 Rd8
21. Nc5 Rxd7 22. Qxd7 Be7 23. Nxa6 Qd6 24. Rd1 Qxh2 25. Nc7 Qh4 26. b3 Kg7 27.
Ne8+ Kh6 28. e5 Ng7 29. Qd2+ Bg5 30. Qg2 Nh5 31. Nd6 Kg7 32. Ne4 Bf4 33. Rh1
Qd8 34. Qg1 Kf8 35. Qc5+ Qe7 36. Nd6 Kg7 37. Nf5+ 1-0

[Event "NRW ch 2015"]
[Site "Emsdetten"]
[Date "2015.10.14"]
[Round "3.5"]
[White "Gulatz, Maurice"]
[Black "Rott, Georg"]
[Result "1/2-1/2"]
[WhiteElo "2115"]
[BlackElo "2168"]
[PlyCount "68"]
[EventDate "2015.10.14"]
[WhiteTeam "SG Kirchlengern"]
[BlackTeam "SK Münster"]

1. d4 d5 2. c4 c6 3. Nf3 Nf6 4. e3 e6 5. b3 Nbd7 6. Bb2 Bd6 7. Bd3 O-O 8. O-O
Ne4 9. Nbd2 f5 10. Ne5 Nxd2 11. Qxd2 Nf6 12. f4 Bd7 13. a4 Qe7 14. c5 Bc7 15.
b4 a6 16. Qe2 Bxe5 17. dxe5 Ne4 18. Bd4 Kh8 19. Rab1 Be8 20. Bxe4 dxe4 21. Bc3
Rd8 22. Rfd1 Rd5 23. Rxd5 exd5 24. e6 Qxe6 25. Qd2 Kg8 26. Be5 Rf7 27. Qd4 h6
28. Rb2 Kh7 29. a5 Qe7 30. Qd2 Qh4 31. Qf2 Qg4 32. Rd2 Re7 33. Bd4 Re6 34. Qg3
Qxg3 1/2-1/2

[Event "NRW ch 2015"]
[Site "Emsdetten"]
[Date "2015.10.14"]
[Round "3.6"]
[White "Heinert, Eugen"]
[Black "Albrecht, Oliver"]
[Result "0-1"]
[WhiteElo "2156"]
[BlackElo "2139"]
[PlyCount "134"]
[EventDate "2015.10.14"]
[WhiteTeam "OSC Rheinhausen"]
[BlackTeam "SC Bonn Beuel"]

1. d4 Nf6 2. Bg5 d5 3. e3 g6 4. Bxf6 exf6 5. g3 Bd6 6. Bg2 O-O 7. Nd2 c6 8. Ne2
Nd7 9. O-O f5 10. c4 dxc4 11. Nxc4 Bc7 12. b4 Nf6 13. Rb1 Be6 14. Qc2 Bd5 15.
Bxd5 Qxd5 16. Nd2 Ne4 17. Nxe4 fxe4 18. Nc3 Qc4 19. Rfc1 f5 20. Na4 Qxc2 21.
Rxc2 Bd6 22. Nc5 Rf7 23. a4 Rc8 24. Rbc1 Re7 25. h4 Kf7 26. Kf1 Bxc5 27. Rxc5
Rd8 28. Ke2 Ke6 29. h5 Rd5 30. hxg6 hxg6 31. Rxd5 Kxd5 32. g4 b6 33. b5 c5 34.
dxc5 bxc5 35. gxf5 gxf5 36. Kd2 Rg7 37. Kc3 Rg2 38. Rd1+ Ke6 39. Rd2 Rg1 40.
Rc2 Ra1 41. Kc4 Rxa4+ 42. Kxc5 Ra3 43. Kc6 f4 44. Rc4 Kf5 45. exf4 Kxf4 46. Kd5
Rd3+ 47. Rd4 Kf3 48. Ke5 Rb3 49. Rd7 Rxb5+ 50. Kd4 Rb4+ 51. Kc3 Ra4 52. Rf7+
Kg4 53. Kb3 Ra5 54. Kc4 a6 55. Kd4 Rf5 56. Ra7 Kf4 57. Rxa6 Rf8 58. Rd6 Kf3 59.
Re6 Rf4 60. Ke5 Rf8 61. Kd4 Rd8+ 62. Ke5 Rf8 63. Kd4 Rf7 64. Re8 Rf4 65. Ke5 e3
66. Ra8 Re4+ 67. Kd5 exf2 0-1

[Event "NRW ch 2015"]
[Site "Emsdetten"]
[Date "2015.10.14"]
[Round "3.7"]
[White "Haselhorst, Helmut"]
[Black "Tückmantel, Rene"]
[Result "0-1"]
[WhiteElo "2141"]
[BlackElo "2149"]
[PlyCount "78"]
[EventDate "2015.10.14"]
[WhiteTeam "SC Steinfurt"]
[BlackTeam "Bahn-SC Wuppertal"]

1. Nf3 Nf6 2. c4 c5 3. g3 d5 4. cxd5 Nxd5 5. Bg2 Nc6 6. O-O e5 7. d3 Be7 8. Nc3
Nc7 9. Nd2 Bd7 10. Nc4 f6 11. f4 b5 12. Ne3 exf4 13. gxf4 Rb8 14. Bd2 O-O 15.
Kh1 f5 16. Ncd5 Be6 17. Nxc7 Qxc7 18. Nd5 Qd7 19. Nxe7+ Nxe7 20. Rg1 Ng6 21.
Qe1 Qd4 22. Bf3 Rfd8 23. Qc1 Bd5 24. Rg3 Bxf3+ 25. Rxf3 Qd5 26. Kg1 c4 27. Be1
Rbc8 28. dxc4 Rxc4 29. Qe3 Re4 30. Qf2 Rde8 31. e3 Rc4 32. Rg3 Qe4 33. Rd1 Rc2
34. Rd2 Rc1 35. h4 Nxf4 36. Rd7 g6 37. Kh2 Nh5 38. Rg1 Nf6 39. Rd2 Ng4+ 0-1

[Event "NRW ch 2015"]
[Site "Emsdetten"]
[Date "2015.10.14"]
[Round "3.8"]
[White "Gelsok, Philipp"]
[Black "Plaßmann, Dominik"]
[Result "0-1"]
[WhiteElo "1892"]
[BlackElo "2110"]
[PlyCount "40"]
[EventDate "2015.10.14"]
[WhiteTeam "Bergische SF"]
[BlackTeam "Gütersloher SV"]

1. Nf3 f5 2. d3 d6 3. c4 e5 4. Nc3 Nf6 5. g3 Be7 6. Bg2 O-O 7. O-O c6 8. b4 Qe8
9. a4 Qh5 10. b5 f4 11. Qc2 Bh3 12. d4 Ng4 13. Rd1 Nd7 14. dxe5 fxg3 15. hxg3
Ndxe5 16. Bf4 Bxg2 17. Kxg2 Nxf3 18. exf3 Qh2+ 19. Kf1 Rxf4 20. gxf4 Ne3+ 0-1

[Event "NRW ch 2015"]
[Site "Emsdetten"]
[Date "2015.10.15"]
[Round "4.1"]
[White "Lehmann, Holger"]
[Black "Messarius, Jürgen"]
[Result "1/2-1/2"]
[WhiteElo "2163"]
[BlackElo "2204"]
[PlyCount "46"]
[EventDate "2015.10.15"]
[WhiteTeam "SC Rochade Emsdetten"]
[BlackTeam "SK Königsspringer Iserlohn"]

1. d4 f5 2. Bg5 g6 3. Nc3 Nh6 4. e3 Nf7 5. Bh4 c6 6. Bc4 d5 7. Bd3 Bg7 8. Nf3
O-O 9. O-O Nd7 10. Ne2 Qe8 11. c4 e6 12. Rc1 Bh6 13. b4 g5 14. Bg3 dxc4 15.
Bxc4 Nb6 16. Bb3 Qe7 17. Rc5 Nd7 18. Rc4 Nd6 19. Rc1 Ne4 20. Nc3 Nxg3 21. hxg3
g4 22. Ne1 a6 23. Nd3 Kh8 1/2-1/2

[Event "NRW ch 2015"]
[Site "Emsdetten"]
[Date "2015.10.15"]
[Round "4.2"]
[White "Schmücker, Marcus"]
[Black "Kummerow, Heiko"]
[Result "0-1"]
[WhiteElo "2271"]
[BlackElo "2267"]
[PlyCount "124"]
[EventDate "2015.10.15"]
[WhiteTeam "SV Hemer"]
[BlackTeam "Oberhausener SV"]

1. d4 Nf6 2. c4 g6 3. Nc3 Bg7 4. Nf3 O-O 5. g3 d6 6. Bg2 Nc6 7. O-O a6 8. b3
Rb8 9. Nd5 Nh5 10. Bb2 e6 11. Ne3 f5 12. Qd2 Ne7 13. Rac1 Nf6 14. Nd1 Ne4 15.
Qc2 g5 16. Ne1 Nf6 17. Nd3 Ng6 18. c5 Rf7 19. Ne3 Ne4 20. Rfd1 Bd7 21. d5 e5
22. c6 bxc6 23. dxc6 Bc8 24. f3 Nf6 25. Nxe5 Qe7 26. N5c4 f4 27. Nd5 Nxd5 28.
Rxd5 Be6 29. Rdd1 Bxc4 30. Bxg7 Bxe2 31. Re1 Kxg7 32. Rxe2 Ne5 33. Qe4 Qf6 34.
g4 Re7 35. Ree1 Rbe8 36. Qb1 Ng6 37. Rxe7+ Qxe7 38. Qb2+ Kg8 39. Qf2 Qe3 40.
Rc2 Nh4 41. Rd2 Qc3 42. Re2 Re3 43. Rxe3 fxe3 44. Qe2 Qc1+ 45. Bf1 Kg7 46. b4
d5 47. a4 d4 48. b5 axb5 49. Qxb5 Nxf3+ 50. Kg2 Nh4+ 51. Kg1 Ng6 52. Qd3 Qc5
53. Qb5 Qc1 54. Qd3 Kh6 55. a5 Qe1 56. Qe2 Qxa5 57. Qd1 Qd2 58. Qf3 d3 59. h4
e2 60. hxg5+ Qxg5 61. Bxe2 dxe2 62. Qxe2 Ne5 0-1

[Event "NRW ch 2015"]
[Site "Emsdetten"]
[Date "2015.10.15"]
[Round "4.3"]
[White "Chilla, Jan Eric"]
[Black "Michalczak, Thomas"]
[Result "1-0"]
[WhiteElo "2239"]
[BlackElo "2190"]
[PlyCount "89"]
[EventDate "2015.10.15"]
[WhiteTeam "SK Münster"]
[BlackTeam "SG Solingen"]

1. Nf3 Nf6 2. c4 g6 3. b3 Bg7 4. Bb2 c5 5. Nc3 d6 6. d4 Bf5 7. e3 Nc6 8. Bd3
Bxd3 9. Qxd3 cxd4 10. Nxd4 O-O 11. O-O Nxd4 12. exd4 d5 13. c5 b6 14. b4 bxc5
15. dxc5 d4 16. Ne2 e5 17. f4 Ng4 18. fxe5 Nxe5 19. Qb3 d3 20. Nf4 Qh4 21. g3
Qg4 22. Rad1 Rad8 23. Bxe5 Bxe5 24. Rxd3 g5 25. h3 Qf5 26. Rxd8 Rxd8 27. Nh5
Qg6 28. Qf3 h6 29. Nf6+ Kg7 30. Ng4 Bd4+ 31. Kh1 a5 32. a3 axb4 33. axb4 Rb8
34. Ne3 Rxb4 35. Nf5+ Kh7 36. Ne7 Qe6 37. Qxf7+ Qxf7 38. Rxf7+ Kh8 39. c6 Rb1+
40. Kg2 Rb2+ 41. Kf1 Bb6 42. c7 Bxc7 43. Ng6+ Kg8 44. Rxc7 Rh2 45. Kg1 1-0

[Event "NRW ch 2015"]
[Site "Emsdetten"]
[Date "2015.10.15"]
[Round "4.4"]
[White "Plaßmann, Dominik"]
[Black "Richter, Christian"]
[Result "0-1"]
[WhiteElo "2110"]
[BlackElo "2366"]
[PlyCount "60"]
[EventDate "2015.10.15"]
[WhiteTeam "Gütersloher SV"]
[BlackTeam "SK Turm Emsdetten"]

1. e4 e5 2. f4 exf4 3. Nf3 g5 4. Nc3 Bg7 5. g3 Nc6 6. d4 d6 7. Bb5 a6 8. Bxc6+
bxc6 9. O-O Bh3 10. Rf2 fxg3 11. hxg3 h6 12. Qd3 Qd7 13. e5 Ne7 14. Ne4 Bf5 15.
Qe2 Qe6 16. d5 cxd5 17. Nd4 Qxe5 18. Nxf5 Nxf5 19. Rxf5 Qxe4 20. Qf1 O-O 21.
Bd2 Qxc2 22. Bc3 Bxc3 23. bxc3 Qxc3 24. Kh2 Rab8 25. Re1 Rb2+ 26. Kh3 Qc4 27.
Qxc4 dxc4 28. Re7 Rb5 29. Rf3 Rc5 30. Rc3 Kg7 0-1